000 00611nam a2200229Ia 4500
003 OSt
005 20220928115527.0
006 a|||||r|||| 00| 0
007 ta
008 220927b |||||||| |||| 00| 0 eng d
024 _a38821
037 _cTextual
040 _aSDCL
_cSDCL
_beng
041 _2eng
_aeng
082 _aQ7:3, M1
100 _aCook Michael
245 0 _aEarly muslim dogma
_bA sourc-critical study.
260 _aCambridge
_bCambridge University Press
_c1981
300 _axi,242p.
_ccm.
942 _hQ7:3, M1
_cTEXL
_2CC
999 _c759803
_d759803